Manual del ganadero /
Guardado en:
| Autor Principal: | |
|---|---|
| Formato: | Libro |
| Publicado: |
Buenos Aires :
El Ateneo,
1970
|
| Materias: | |
| Etiquetas: |
Agregar Etiqueta
Sin Etiquetas, Sea el primero en etiquetar este registro!
|
| LEADER | 01222nam a22002775a 4500 | ||
|---|---|---|---|
| 001 | CEM.cems018010 | ||
| 008 | 130507s1970##################000#0#####d | ||
| 005 | 20240910115339.0 | ||
| 245 | 1 | 0 | |a Manual del ganadero / |c M. E. Ensminger |
| 260 | |a Buenos Aires : |b El Ateneo, |c 1970 | ||
| 300 | |a 798 p. | ||
| 505 | 0 | |a Cría del ganado -- Alimentación del ganado -- Pasturas -- Heno -- Silaje -- Aspectos comerciales y manejo -- Edificios y equipos -- Sanidad animal, prevención de enfermedades y control parasitario -- Selección y juzgamiento del ganado -- Preparación y exposición del ganado -- Comercialización del ganado -- Carnes -- Clases de grado de lana y mohair -- Leyes relativas a los establecimientos ganaderos -- Asociaciones de registro de razas -- Pesos y medidad | |
| 100 | 1 | |a Ensminger, M. E. | |
| 082 | 0 | 4 | |a 630.02 |
| 653 | |a Bovinos | ||
| 653 | |a Porcinos | ||
| 653 | |a Ovinos | ||
| 653 | |a Equinos | ||
| 653 | |a Silos | ||
| 653 | |a Construcciones rurales | ||
| 653 | |a Pasturas | ||
| 653 | |a Zoonosis | ||
| 653 | |a Alambrados | ||
| 653 | |a Sanidad animal | ||
| 859 | |a CEMS |b BIB. CEMS - Agricultura |h 630.02 |i En78-1 |p A1856.13 |t Ej.1 | ||
| 859 | |a CEMS |b BIB. CEMS - Agricultura |h 630.02 |i En78-1 |p A14913.88 |t Ej.2 | ||
